| 000 | 00621nam a2200193Ia 4500 | ||
|---|---|---|---|
| 003 | GCL | ||
| 008 | 140319s9999 xx 000 0 ara d | ||
| 040 |
_aGCL / _cGCL |
||
| 082 | 0 | 4 |
_a840 _bأ م |
| 100 | 1 | _aانوى، جان | |
| 245 | 1 | 0 |
_aالمتوحشة / _cانوى، جان |
| 700 | 1 | _aيوسف محمد رضا | |
| 260 |
_aبيروت : _bدار الكتاب اللبنانى ، _c1983 |
||
| 300 |
_a186 ص ؛ _c18 سم |
||
| 490 |
_aروائع المسرح الفرنسى الكلاسيكى _v0 |
||
| 650 | 0 | 4 | _aالادب الفرنسى |
| 650 | 0 | 4 | _aالادب الفرنسى المترجم |
| 942 |
_2ddc _cBK |
||
| 999 |
_c4702 _d4702 |
||